L'analyse du discours comme méthode de traduction: initiation a la traduction francaise de textes pragmatiques anglais
Guardat en:
| Autor principal: | |
|---|---|
| Format: | Llibre |
| Idioma: | francès |
| Publicat: |
Ottawa
Editions de l' Université d' Ottawa
1984
|
| Col·lecció: | Cahiers de Traductologie, 2
|
| Matèries: | |
| Etiquetes: |
Afegir etiqueta
Sense etiquetes, Sigues el primer a etiquetar aquest registre!
|
MARC
| LEADER | 00000cam a2200000 a 4500 | ||
|---|---|---|---|
| 001 | UCF7838 | ||
| 003 | CL-VaPUC | ||
| 008 | 130711e19840000CN |||||||||||||||||fre|d | ||
| 020 | |a 2760346528 | ||
| 082 | 0 | 4 | |a 418.02 |b DEL |2 21 |
| 100 | 0 | |a Delisle, Jean |e author |9 569945 | |
| 245 | 1 | 2 | |a L'analyse du discours comme méthode de traduction: initiation a la traduction francaise de textes pragmatiques anglais |
| 300 | |a 282 p | ||
| 942 | |c BK | ||
| 945 | |d 20130711 00:00:00 |a dcastane | ||
| 260 | |a Ottawa |b Editions de l' Université d' Ottawa |c 1984 | ||
| 650 | 0 | |a Traducción e interpretación |9 315998 | |
| 650 | 0 | |a Análisis del discurso |9 256696 | |
| 650 | 0 | |a Lingüística |9 265068 | |
| 583 | |a last modification |c 20130711 11:26:00 |k Rodrigo Vera | ||
| 490 | 0 | |a Cahiers de Traductologie, 2 | |
| 999 | |c 352592 |d 352590 | ||
| 952 | |0 0 |1 0 |4 0 |6 418_020000000000000_DEL_1984 |7 0 |8 A |9 457170 |a BIBEDU |b BIBEDU |d 2019-11-22 |i 4985168 |o 418.02 DEL 1984 |p 4985168 |r 2019-11-22 |w 2019-11-22 |y BK |k EDU | ||